000 00459nam a2200181Ia 4500
003 GCL
008 140319s9999 xx 000 0 eng d
040 _aGCL /
_cGCL
082 0 4 _a613.715
_bF A
100 1 _aFRANCIS, LORNA
245 1 0 _aAEROBIC DANCE FOR HEALH AND FITNESS /
_cFRANCIS, LORNA
260 _a[S.N] :
_bWCB BROWN & BENCHANARK ،
_c1993
300 _a130 P
650 0 4 _aFITNESS
650 0 4 _aHEALTH
650 0 4 _aAEROBIC
942 _2ddc
_cBK
999 _c11737
_d11737